[Event "HCL-C159"]
[Site "www.playchess.de"]
[Date "2001.02.04"]
[Round "4"]
[White "Player"]
[Black "hun"]
[WhiteElo "1585"]
[BlackElo "1805"]
[PlyCount "61"]
[Result "1-0"]

1.e4 Nf6 {Hallo, Andy!    :)}  2.e5 {Hallo! 
Wünsche eine schöne Partie für uns! - Mein Name 
ist aber nicht Andy. :)}  Nd5 {...ups..entschuldige, 
es gibt noch eine "Player 27" und der heisst Andy. 
Danke, wünsch ich auch!  :)}  3.c4 {Ist dieser 27 
mal besser als ich? ;)}  Nb6 {...nun, das weiss 
ich noch nicht...    ;))}  4.c5 {Gute Nacht! - Ich 
bin ziemlich müde. Bis dann...}  Nd5 5.Bc4 e6 {Hi! 
  :)}  6.d4 {Auch schon wach! - Super! :)}  d6 
{Ja....  ;)  ich schau gerade diese Sci WM 
eröffnung an...}  7.cxd6 {Ich spiele lieber Schach 
;)}  cxd6 {...ich auch,aber ich bin nur eine 
schwache Hoby Spieler...  Gruss   L.   :)}  8.Nf3 
{Schwach? Die zahlen sprechen andere Worte! - Für 
die Weltmeisterschaft reicht es wohl trotzdem 
nicht}  dxe5 {nein,  wohl nicht...   ;))}  9.dxe5 
{Bei mir leider auch nicht aber Übung macht ja den 
Meister! ;)}  Bb4+ {...so sagt man..}  10.Nbd2 Nb6 
{ g`nacht!}  11.O-O Nxc4 {Hi!   :)}  12.Nxc4 {Tach 
auch! :)}  O-O 13.Bg5 Qc7 14.Nd6 Nc6 15.Rc1 h6 
16.Bh4 Qb6 17.a3 {---}  Bxd6 18.exd6 Bd7 19.Re1 g5 
20.Bxg5 hxg5 21.Nxg5 Qxb2 22.Rb1 Qxa3 23.Qg4 Kh8 { 
 ;)}  24.Qh5+ {Das wars wohl! Ob die Partie nach 
20.Lxg5 noch zu retten ist?}  Kg7 {nun... warten 
wir noch ein bisser`l ....   ;)  Gruß L.}  25.Qh7+ 
Kf6 26.Qh6+ Kf5 { ;-)}  27.Nxe6 Bxe6 28.Rb5+ Bd5 
29.Rxd5+ Ne5 30.Rexe5+ Kg4 31.Re4+ 1-0

[Event "HCL-C159"]
[Site "www.playchess.de"]
[Date "2001.02.04"]
[Round "19"]
[White "hun"]
[Black "Stef"]
[WhiteElo "1805"]
[BlackElo "1000"]
[PlyCount "32"]
[Result "1/2-1/2"]

1.d4 d5 2.Nf3 c6 3.c4 Qa5+ 4.Bd2 Qa6 5.cxd5 cxd5 
6.Nc3 Qb6 7.Nxd5 Qd6 8.e4 Nf6 9.Bf4 Qd7 10.Nc7+ 
{Schach!}  Kd8 11.Nxa8 {;)}  e6 12.Bc7+ Ke8 {Es 
geht mit mir zuende}  13.Bxb8 {Hallo, Stefan! 
Leider ein  ungünstige posizio für dich,aber wer 
weiss...?  Groß    L.}  Nxe4 14.Bd3 f5 15.Ne5 Bb4+ 
16.Kf1 Qxd4 1/2-1/2

[Event "HCL-C065"]
[Site "www.playchess.de"]
[Date "2001.02.04"]
[Round "1"]
[White "Angyl-Of-Death"]
[Black "German04"]
[WhiteElo "900"]
[BlackElo "1186"]
[PlyCount "53"]
[Result "1-0"]

1.d4 d5 2.Nc3 Nf6 3.Bf4 Nc6 4.Nb5 e5 5.dxe5 Nh5 
6.Bg3 Nxg3 7.hxg3 Nxe5 8.Nc3 Bb4 9.a3 Ba5 10.b4 
Bxb4 11.axb4 Qf6 12.Nxd5 Qc6 13.e4 O-O 14.Ne7+ Kh8 
15.Nxc6 Nxc6 16.b5 Ne5 17.f4 Ng6 18.Nf3 Bg4 19.Be2 
f6 20.Nh4 Nxh4 21.Bxg4 Ng6 22.Bf5 Kg8 23.Be6+ Kh8 
24.Qh5 h6 25.Qxg6 Rae8 26.Rxh6+ gxh6 
27.Qxh6+ 1-0

[Event "HCL-C065"]
[Site "www.playchess.de"]
[Date "2001.02.04"]
[Round "4"]
[White "Angyl-Of-Death"]
[Black "Queen"]
[WhiteElo "900"]
[BlackElo "681"]
[PlyCount "57"]
[Result "1-0"]

1.d4 d5 2.Nc3 Nc6 3.Bf4 Bf5 4.e3 e6 5.Nb5 Qd7 
6.Nxc7+ Kd8 7.Nxa8 e5 8.dxe5 Bg4 9.Be2 Qc8 10.Bxg4 
Qxa8 11.e6 Nf6 12.Bg5 Bb4+ 13.c3 Be7 14.Bxf6 Bxf6 
15.Qxd5+ Kc8 16.e7+ Kc7 17.Qd7+ Kb6 18.Nf3 Bxe7 
19.O-O Rd8 20.Qf5 g6 21.Qxf7 Rf8 22.Qb3+ Kc7 
23.Rad1 Na5 24.Rd7+ Kc6 25.Qe6+ Kb5 26.Rd5+ Bc5 
27.Nd4+ Kc4 28.Rd8+ Kd3 29.Rd1+ 1-0

[Event "HCL-C065"]
[Site "www.playchess.de"]
[Date "2001.02.04"]
[Round "5"]
[White "Queen"]
[Black "German04"]
[WhiteElo "681"]
[BlackElo "1186"]
[PlyCount "28"]
[Result "1/2-1/2"]

1.e4 e5 2.Nf3 Nc6 3.Bb5 d6 4.O-O Nf6 5.d3 d5 
6.exd5 Qxd5 7.Bxc6+ bxc6 8.d4 e4 9.Nc3 Qe6 10.Ng5 
Qe7 11.Ncxe4 Be6 12.Nxf6+ Qxf6 13.Nxe6 fxe6 14.Bh6 
Qxh6 1/2-1/2

[Event "HCL-C065"]
[Site "www.playchess.de"]
[Date "2001.02.04"]
[Round "7"]
[White "burrango"]
[Black "Angyl-Of-Death"]
[WhiteElo "1557"]
[BlackElo "900"]
[PlyCount "68"]
[Result "0-1"]

1.g3 d5 2.Bg2 e5 3.d3 Nf6 4.Nf3 Nc6 5.O-O Bg4 6.b3 
Bc5 7.Bb2 Bd6 8.Nbd2 O-O 9.a4 Re8 10.Re1 e4 11.Nd4 
Nxd4 12.Bxd4 exd3 13.cxd3 Bb4 14.f3 Bf5 15.e4 dxe4 
16.Bxf6 Qxf6 17.dxe4 Bg6 18.Rc1 Rad8 19.Re2 Qd4+ 
20.Kh1 Bxd2 21.Rxd2 Qxd2 22.Qxd2 Rxd2 23.Rxc7 Rd1+ 
24.Bf1 Rxf1+ 25.Kg2 Rd1 26.Rxb7 f5 27.exf5 Bxf5 
28.g4 Bc8 29.Rxa7 Rb1 30.a5 Rb2+ 31.Kg3 g5 32.Ra8 
Ree2 33.Rxc8+ Kf7 34.f4 Re3+ 0-1

[Event "HCL-C065"]
[Site "www.playchess.de"]
[Date "2001.02.04"]
[Round "8"]
[White "German04"]
[Black "burrango"]
[WhiteElo "1186"]
[BlackElo "1557"]
[PlyCount "85"]
[Result "1-0"]

1.e4 g6 2.Nf3 Bg7 3.d4 Nf6 4.Nc3 O-O 5.Bc4 e6 
6.Bg5 b6 7.e5 d5 8.Bb3 a5 9.a4 Nbd7 10.exf6 Nxf6 
11.O-O Re8 12.Ne5 Qd6 13.Nb5 Qe7 14.Qf3 Bb7 15.Qf4 
c6 16.Nxc6 Bxc6 17.Nc7 Rac8 18.Nxe8 Rxe8 19.c4 e5 
20.dxe5 Qxe5 21.Qxe5 Rxe5 22.Be3 Nd7 23.cxd5 Bxd5 
24.Bxd5 Rxd5 25.Rad1 Rf5 26.Rxd7 Bxb2 27.Bd4 Bxd4 
28.Rxd4 b5 29.axb5 Rxb5 30.Ra4 f5 31.Rfa1 Kg7 
32.R4xa5 Rxa5 33.Rxa5 h5 34.g3 Kf6 35.Kg2 g5 
36.Ra6+ Ke5 37.Rh6 h4 38.gxh4 g4 39.h5 Kf4 40.Ra6 
Kg5 41.h6 f4 42.h7 f3+ 43.Kg3 1-0

[Event "HCL-C065"]
[Site "www.playchess.de"]
[Date "2001.02.04"]
[Round "10"]
[White "Queen"]
[Black "burrango"]
[WhiteElo "681"]
[BlackElo "1557"]
[PlyCount "96"]
[Result "0-1"]

1.d4 g6 2.Bg5 Bg7 3.e3 Nf6 4.Bb5 c6 5.Bc4 d5 6.Bd3 
O-O 7.Bxf6 Bxf6 8.Nf3 Nd7 9.O-O e5 10.dxe5 Nxe5 
11.Nxe5 Bxe5 12.Nc3 d4 13.exd4 Bxd4 14.Rc1 c5 
15.Nd5 Qxd5 16.c4 Qc6 17.b3 b6 18.Qf3 Qxf3 19.gxf3 
Re8 20.Rce1 Rxe1 21.Rxe1 Bb7 22.Be4 Rb8 23.Rf1 f5 
24.Bxb7 Rxb7 25.Re1 Kf7 26.f4 Re7 27.Rxe7+ Kxe7 
28.h4 Bc3 29.Kg2 h6 30.f3 a6 31.h5 gxh5 32.Kg1 Bd2 
33.a4 Bxf4 34.b4 cxb4 35.Kf2 b3 36.Ke2 b2 37.Kd3 
b1Q+ 38.Kc3 Be5+ 39.Kd2 Qb2+ 40.Kd3 Qd4+ 41.Ke2 
Qxc4+ 42.Ke3 Qxa4 43.f4 Qxf4+ 44.Ke2 h4 45.Kd3 h3 
46.Ke2 h2 47.Kd3 h1Q 48.Ke2 Qhf1+ 0-1

[Event "HCL-C065"]
[Site "www.playchess.de"]
[Date "2001.02.04"]
[Round "12"]
[White "chelo"]
[Black "German04"]
[WhiteElo "1000"]
[BlackElo "1186"]
[PlyCount "60"]
[Result "0-1"]

1.d4 d5 2.Nc3 Nf6 3.Bf4 a6 4.b4 b5 5.e3 Bg4 6.Qd3 
e6 7.a4 Bxb4 8.axb5 a5 9.e4 Nxe4 10.h3 Bxc3+ 
11.Qxc3 Nxc3 12.hxg4 O-O 13.Nf3 c6 14.Bd2 Ne4 
15.Bd3 Nxd2 16.Kxd2 cxb5 17.Rxh7 a4 18.Ng5 Qxg5+ 
19.Ke1 Qxg4 20.Kd2 Nc6 21.Rah1 f6 22.Bxb5 Qxd4+ 
23.Ke2 Rac8 24.R7h8+ Kf7 25.Rxf8+ Rxf8 26.Bxc6 
Qc4+ 27.Kf3 Qxc6 28.Rc1 d4+ 29.Kg3 Qc3+ 30.Kh2 
d3 0-1

[Event "HCL-C065"]
[Site "www.playchess.de"]
[Date "2001.02.04"]
[Round "15"]
[White "burrango"]
[Black "chelo"]
[WhiteElo "1557"]
[BlackElo "1000"]
[PlyCount "59"]
[Result "1-0"]

1.g3 d5 2.Nf3 Nc6 3.Bg2 Bf5 4.O-O e6 5.b3 Nb4 6.d3 
Qf6 7.d4 Nxc2 8.Bb2 Nxa1 9.Bxa1 e5 10.Nxe5 O-O-O 
11.Nc3 Be6 12.e4 Bd6 13.Nxd5 Bxd5 14.exd5 Bxe5 
15.dxe5 Qa6 16.a4 Ne7 17.Re1 c6 18.d6 Nf5 19.Be4 
g6 20.g4 Rhg8 21.h4 Nxh4 22.Qd2 f5 23.Bh1 Qb6 
24.e6 c5 25.d7+ Kb8 26.Bf6 Rxd7 27.Qxd7 g5 28.e7 
Qb4 29.e8Q+ Rxe8 30.Rxe8+ 1-0

[Event "HCL-C065"]
[Site "www.playchess.de"]
[Date "2001.02.04"]
[Round "16"]
[White "rhonda202"]
[Black "Angyl-Of-Death"]
[WhiteElo "910"]
[BlackElo "900"]
[PlyCount "41"]
[Result "1-0"]

1.e4 d6 2.Bb5+ Bd7 3.Nc3 a6 4.Bc4 Nf6 5.d3 g6 6.d4 
Nc6 7.d5 Ne5 8.Bb3 Bg7 9.f4 Neg4 10.h3 Nh6 11.e5 
dxe5 12.fxe5 Nh5 13.Nf3 Ng3 14.Rg1 O-O 15.e6 Be8 
16.Bf4 Ngf5 17.Qd2 fxe6 18.g4 Nd6 19.dxe6 Bc6 
20.Ne5 Qe8 21.Bxh6 1-0

[Event "HCL-C065"]
[Site "www.playchess.de"]
[Date "2001.02.04"]
[Round "17"]
[White "German04"]
[Black "rhonda202"]
[WhiteElo "1186"]
[BlackElo "910"]
[PlyCount "25"]
[Result "1-0"]

1.e4 e5 2.Nf3 Nc6 3.Nc3 Nf6 4.Bc4 Na5 5.d3 d6 
6.Ng5 Bg4 7.f3 d5 8.exd5 b5 9.Bxb5+ Ke7 10.b4 Nb7 
11.fxg4 Nxd5 12.Qe2 Nxc3 13.Qxe5+ 1-0

[Event "HCL-C065"]
[Site "www.playchess.de"]
[Date "2001.02.04"]
[Round "19"]
[White "Queen"]
[Black "rhonda202"]
[WhiteElo "681"]
[BlackElo "910"]
[PlyCount "76"]
[Result "0-1"]

1.e4 e5 2.Nf3 Nc6 3.Bb5 Nb4 4.O-O c6 5.c3 cxb5 
6.cxb4 Bxb4 7.Nxe5 d6 8.Nxf7 Kxf7 9.Qb3+ Be6 
10.Qf3+ Qf6 11.Qxf6+ Nxf6 12.d3 Rhd8 13.Bd2 Bc5 
14.e5 dxe5 15.d4 Bxd4 16.Bc3 Bc4 17.Bxd4 Rxd4 
18.Nc3 b4 19.Rfc1 bxc3 20.bxc3 Rd5 21.a4 e4 
22.Rab1 b6 23.Rb5 Bxb5 24.axb5 Re8 25.Re1 Rh5 
26.c4 Ng4 27.h3 Nf6 28.Ra1 Re7 29.Kh2 Ng4+ 30.Kg3 
Nf6 31.f3 e3 32.h4 e2 33.Kf2 Rxh4 34.Ke1 Rh1+ 
35.Kd2 Rxa1 36.g4 e1Q+ 37.Kc2 Re3 38.g5 
Qc1+ 0-1

[Event "HCL-C065"]
[Site "www.playchess.de"]
[Date "2001.02.04"]
[Round "20"]
[White "rhonda202"]
[Black "burrango"]
[WhiteElo "910"]
[BlackElo "1557"]
[PlyCount "54"]
[Result "0-1"]

1.e4 d6 2.Bb5+ c6 3.Ba4 g6 4.d4 b5 5.Bb3 Bg7 6.Nf3 
Nf6 7.a4 Nxe4 8.axb5 cxb5 9.d5 a5 10.Nc3 Nxc3 
11.bxc3 Bxc3+ 12.Bd2 Bxa1 13.Qxa1 a4 14.Qxh8+ Kd7 
15.Qxh7 axb3 16.cxb3 Ra1+ 17.Ke2 Rxh1 18.Be1 Qc7 
19.Nd4 Qc5 20.Qg7 Qxd5 21.Ke3 Rxe1+ 22.Ne2 Qe6+ 
23.Kd2 Qxe2+ 24.Kc3 Rc1+ 25.Kb4 Nc6+ 26.Ka3 b4+ 
27.Ka4 Qa6+ 0-1

[Event "HCL-C088"]
[Site "www.playchess.de"]
[Date "2001.02.04"]
[Round "1"]
[White "Oxe"]
[Black "Mother_Teresa"]
[WhiteElo "1000"]
[BlackElo "1151"]
[PlyCount "45"]
[Result "1-0"]

1.e4 e5 2.Nf3 Nc6 3.d4 exd4 4.Nxd4 Nxd4 5.Qxd4 d6 
6.Bc4 Qf6 7.Qc3 Qxc3+ 8.Nxc3 Be7 9.O-O Nf6 10.Be3 
O-O 11.h3 Rd8 12.Rad1 a6 13.a4 c6 14.Bb6 Re8 
15.Rfe1 Nd7 16.Bc7 Ne5 17.Bb3 b5 18.axb5 axb5 
19.Bxd6 Bxd6 20.Rxd6 Bb7 21.f4 Ng6 22.Rd7 Re7 
23.Rxe7 1-0

[Event "HCL-C088"]
[Site "www.playchess.de"]
[Date "2001.02.04"]
[Round "2"]
[White "hhh"]
[Black "Oxe"]
[WhiteElo "1000"]
[BlackElo "1000"]
[PlyCount "70"]
[Result "0-1"]

1.e4 d6 2.Bb5+ Nd7 3.Qg4 Ngf6 4.Qf3 c6 5.Ba4 Nc5 
6.b3 b5 7.e5 Bg4 8.Qxc6+ Bd7 9.Qf3 dxe5 10.Ba3 Ne6 
11.Qd3 bxa4 12.Nf3 e4 13.Qe3 exf3 14.Qxf3 Nd4 
15.Qd3 Bf5 16.Qc4 Rc8 17.Qxa4+ Qd7 18.Qxd7+ Kxd7 
19.O-O Nxc2 20.Nc3 Nxa3 21.Rae1 Bd3 22.b4 Bxf1 
23.Kxf1 e6 24.Ne4 Nxe4 25.Rxe4 Rc4 26.Re3 Bxb4 
27.d3 Rc2 28.g4 h5 29.gxh5 Rxh5 30.Re4 Bc5 31.d4 
Rc4 32.Kg2 Rxd4 33.Re3 Nc4 34.Rh3 Rxh3 35.Kxh3 
Rf4 0-1

[Event "HCL-C088"]
[Site "www.playchess.de"]
[Date "2001.02.04"]
[Round "3"]
[White "Mother_Teresa"]
[Black "hhh"]
[WhiteElo "1151"]
[BlackElo "1000"]
[PlyCount "60"]
[Result "1-0"]

1.e4 e5 2.Nf3 Qf6 3.Bc4 c6 4.O-O Bc5 5.c3 Ne7 6.d4 
exd4 7.cxd4 Bb4 8.a3 Ba5 9.b4 c5 10.bxa5 d6 11.Bg5 
Qg6 12.Nc3 Bg4 13.Bxe7 Kxe7 14.Nd5+ Kd8 15.dxc5 
Nc6 16.Qd3 Re8 17.Rfe1 Rc8 18.h3 Bxh3 19.Nf4 Qf6 
20.Nxh3 Ne5 21.Nxe5 Qxe5 22.Bxf7 Rf8 23.Bd5 b5 
24.cxb6 e.p 25.Rb8 b7 26.Kc7 Qc4+ 27.Kd8 Rac1 
28.h5 Qc7+ 29.Ke8 Qxb8+ 30.Kd7 
Rc7+ 1-0

[Event "HCL-C088"]
[Site "www.playchess.de"]
[Date "2001.02.04"]
[Round "4"]
[White "Oxe"]
[Black "Smiler"]
[WhiteElo "1000"]
[BlackElo "1153"]
[PlyCount "29"]
[Result "1-0"]

1.e4 d5 2.exd5 Qxd5 3.Nc3 Qa5 4.d4 e5 5.Nf3 Bb4 
6.Bd2 e4 7.Nxe4 c6 8.c3 Qd5 9.Qe2 Ne7 10.cxb4 b5 
11.Bg5 Qxd4 12.Nxd4 Nd5 13.Nf6+ Kd8 14.Nxd5+ f6 
15.Qe7+ 1-0

[Event "HCL-C088"]
[Site "www.playchess.de"]
[Date "2001.02.04"]
[Round "5"]
[White "Smiler"]
[Black "Mother_Teresa"]
[WhiteElo "1153"]
[BlackElo "1151"]
[PlyCount "56"]
[Result "0-1"]

1.e4 e5 2.Nf3 Nc6 3.d4 Bb4+ 4.c3 Ba5 5.d5 Nce7 
6.Nxe5 d6 7.Nc4 Bb6 8.Nbd2 Nf6 9.Qf3 O-O 10.Bd3 c6 
11.e5 dxe5 12.d6 Ned5 13.g4 Nxg4 14.Ne4 f5 15.h3 
fxe4 16.Qxe4 Bf5 17.Qxg4 Bxg4 18.hxg4 Bxf2+ 19.Kd2 
b5 20.Nxe5 Qxd6 21.Rh5 Nf4 22.Kc2 Nxh5 23.Be4 Qxe5 
24.Bxc6 Rac8 25.b3 Qe2+ 26.Bd2 Rxc6 27.gxh5 Rd8 
28.Rd1 Rcd6 0-1

[Event "HCL-C088"]
[Site "www.playchess.de"]
[Date "2001.02.04"]
[Round "10"]
[White "Smiler"]
[Black "ksadler"]
[WhiteElo "1153"]
[BlackElo "933"]
[PlyCount "21"]
[Result "1-0"]

1.Nf3 f5 2.d3 d5 3.b3 e6 4.e3 Nf6 5.d4 Bb4+ 6.c3 
Ba5 7.Ne5 Nc6 8.Bb5 O-O 9.Nd2 a6 10.Nxc6 bxc6 
11.b4 1-0

[Event "ACL-A047"]
[Site "www.playchess.de"]
[Date "2001.02.04"]
[Round "1"]
[White "locko"]
[Black "janus"]
[WhiteElo "1192"]
[BlackElo "1500"]
[PlyCount "44"]
[Result "0-1"]

1.g3 e5 2.e4 Nc6 3.f4 exf4 4.gxf4 Qh4+ 5.Ke2 d5 
6.Nf3 Bg4 7.Bg2 dxe4 8.Rf1 Qxh2 9.Rf2 exf3+ 
10.Bxf3 Bxf3+ 11.Kxf3 Qh5+ 12.Kg2 Qxd1 13.Nc3 Qg4+ 
14.Kf1 Bc5 15.d3 Qh3+ 16.Ke1 Qg3 17.Ne4 Bxf2+ 
18.Kd2 Qe3+ 19.Kc3 Be1+ 20.Bd2 Bxd2+ 21.Nxd2 Qd4+ 
22.Kb3 Qb4+ 0-1

[Event "ACL-A047"]
[Site "www.playchess.de"]
[Date "2001.02.04"]
[Round "2"]
[White "Gruhni"]
[Black "locko"]
[WhiteElo "1373"]
[BlackElo "1192"]
[PlyCount "21"]
[Result "1-0"]

1.e4 e5 2.Nf3 f6 3.d4 Nc6 4.d5 Nce7 5.c4 c6 6.Nc3 
g6 7.d6 Nf5 8.exf5 gxf5 9.c5 e4 10.Ne5 fxe5 
11.Qh5+ 1-0

[Event "ACL-A047"]
[Site "www.playchess.de"]
[Date "2001.02.04"]
[Round "4"]
[White "locko"]
[Black "sazex"]
[WhiteElo "1192"]
[BlackElo "1765"]
[PlyCount "44"]
[Result "0-1"]

1.g3 e5 2.e4 Nf6 3.Nc3 Bb4 4.Nd5 Nxd5 5.exd5 O-O 
6.Qe2 d6 7.c3 Bc5 8.b4 Bb6 9.a4 a5 10.Ba3 axb4 
11.Bxb4 Na6 12.Ba3 Nc5 13.Bb2 Nxa4 14.c4 Qf6 
15.Nf3 Bg4 16.Bg2 Nxb2 17.h3 Rxa1+ 18.Qd1 Rxd1+ 
19.Ke2 Bxf3+ 20.Bxf3 e4 21.Rxd1 Qxf3+ 22.Kf1 
Qxf2+ 0-1

[Event "ACL-A047"]
[Site "www.playchess.de"]
[Date "2001.02.04"]
[Round "5"]
[White "sazex"]
[Black "janus"]
[WhiteElo "1765"]
[BlackElo "1500"]
[PlyCount "80"]
[Result "0-1"]

1.e4 Nc6 2.Nf3 e5 3.Bb5 a6 4.Ba4 Nf6 5.O-O b5 
6.Bb3 Bb7 7.Re1 Bc5 8.c3 d6 9.d4 Bb6 10.a4 O-O 
11.axb5 axb5 12.Rxa8 Qxa8 13.d5 Na5 14.Bc2 Ng4 
15.Re2 f5 16.Bg5 h6 17.Be7 Rf7 18.Bh4 g5 19.h3 
fxe4 20.Rxe4 Nf6 21.Bg3 Bxd5 22.Re1 Qb7 23.b3 Qc6 
24.Bg6 Rf8 25.Bc2 Nb7 26.h4 Bxf3 27.gxf3 Qd7 
28.Kg2 Qg7 29.Rh1 g4 30.Bf5 gxf3+ 31.Qxf3 Kh8 
32.Rf1 Nc5 33.b4 e4 34.Qe2 Nd3 35.Kh2 d5 36.Bh3 
Qg6 37.Na3 Nh5 38.Rg1 Rxf2+ 39.Bxf2 Qd6+ 40.Bg3 
Bxg1+ 0-1

[Event "ACL-A047"]
[Site "www.playchess.de"]
[Date "2001.02.04"]
[Round "6"]
[White "Gruhni"]
[Black "sazex"]
[WhiteElo "1373"]
[BlackElo "1765"]
[PlyCount "36"]
[Result "0-1"]

1.e4 e5 2.Nf3 Nc6 3.Bc4 Bc5 4.c3 Nf6 5.b4 Be7 6.d3 
O-O 7.O-O d6 8.h3 Nb8 9.Qb3 c6 10.Qd1 b5 11.Bb3 a5 
12.Bb2 axb4 13.cxb4 Bb7 14.a4 bxa4 15.Bxa4 Qb6 
16.Qb3 Na6 17.b5 Nc5 18.Qc4 Nxa4 0-1

[Event "ACL-A047"]
[Site "www.playchess.de"]
[Date "2001.02.04"]
[Round "7"]
[White "FdeJong"]
[Black "locko"]
[WhiteElo "1500"]
[BlackElo "1192"]
[PlyCount "39"]
[Result "1-0"]

1.d4 d5 2.Nc3 e6 3.Nf3 c6 4.e3 b5 5.Bd3 Ba6 6.O-O 
g6 7.b3 Qd6 8.Ng5 f6 9.Nf3 f5 10.Bb2 Nf6 11.g3 h5 
12.Qc1 Bh6 13.Ba3 b4 14.Bxa6 Nxa6 15.Bb2 bxc3 
16.Bxc3 Ne4 17.Qb2 c5 18.dxc5 Naxc5 19.Bxh8 Ke7 
20.Bg7 1-0

[Event "ACL-A047"]
[Site "www.playchess.de"]
[Date "2001.02.04"]
[Round "8"]
[White "janus"]
[Black "FdeJong"]
[WhiteElo "1500"]
[BlackElo "1500"]
[PlyCount "51"]
[Result "1-0"]

1.e4 Nf6 2.e5 Ng4 3.Qxg4 Nc6 4.Nf3 d6 5.Qe4 g6 
6.Bb5 Bd7 7.d4 Bg7 8.O-O a6 9.Bxc6 Bxc6 10.d5 Bb5 
11.c4 Bd7 12.Bf4 O-O 13.Nc3 Bf5 14.Qe3 c6 15.Nd4 
dxe5 16.Bxe5 Bxe5 17.Qxe5 f6 18.Qe3 b5 19.Nxc6 Qd6 
20.Nxe7+ Kf7 21.Nxf5 gxf5 22.c5 Qe5 23.Qh6 Kg8 
24.Rfe1 Qd4 25.Re7 Qg4 26.Qxh7+ 1-0

[Event "ACL-A047"]
[Site "www.playchess.de"]
[Date "2001.02.04"]
[Round "9"]
[White "FdeJong"]
[Black "Gruhni"]
[WhiteElo "1500"]
[BlackElo "1373"]
[PlyCount "116"]
[Result "0-1"]

1.Nc3 e5 2.e4 Bc5 3.Nf3 d6 4.Bd3 Nc6 5.O-O Bg4 
6.h3 Bh5 7.Bb5 Nf6 8.Bxc6+ bxc6 9.Na4 Bb6 10.Nxb6 
cxb6 11.d3 O-O 12.Bg5 h6 13.Bxf6 Qxf6 14.Re1 Rfe8 
15.Re3 d5 16.Qd2 d4 17.Nxd4 exd4 18.Rg3 Re5 19.Re1 
Rg5 20.Rxg5 Qxg5 21.Qxg5 hxg5 22.g4 Bg6 23.f3 f6 
24.Kg2 Re8 25.Kg3 a5 26.h4 gxh4+ 27.Kxh4 Bf7 
28.Rc1 g6 29.g5 fxg5+ 30.Kxg5 Kg7 31.c3 Re5+ 
32.Kf4 Rc5 33.a3 dxc3 34.bxc3 g5+ 35.Ke3 Re5 36.d4 
Re7 37.e5 b5 38.Ra1 a4 39.Rg1 Kh6 40.f4 gxf4+ 
41.Kxf4 Bh5 42.Kf5 Rg7 43.Rxg7 Kxg7 44.Kg5 Bf7 
45.Kf5 Bd5 46.e6 Kf8 47.Kf6 Ke8 48.Ke5 Ke7 49.Kf5 
Bxe6+ 50.Ke5 Bb3 51.Ke4 Kd6 52.Kd3 Kd5 53.Kd2 Kc4 
54.Ke3 Kxc3 55.Ke4 Bd5+ 56.Ke5 b4 57.axb4 Kxb4 
58.Kd6 a3 0-1

[Event "ACL-A047"]
[Site "www.playchess.de"]
[Date "2001.02.04"]
[Round "10"]
[White "sazex"]
[Black "FdeJong"]
[WhiteElo "1765"]
[BlackElo "1500"]
[PlyCount "33"]
[Result "1-0"]

1.e4 e5 2.Nf3 Nc6 3.Bb5 Nd4 4.Nxd4 exd4 5.O-O c6 
6.Bc4 Nh6 7.Qf3 Be7 8.d3 O-O 9.Bxh6 gxh6 10.Qh5 
Bg5 11.f4 d5 12.exd5 cxd5 13.fxg5 dxc4 14.gxh6 b6 
15.Qf3 Be6 16.Qg3+ Kh8 17.Qg7+ 1-0

[Event "HCL-B092"]
[Site "www.playchess.de"]
[Date "2001.02.04"]
[Round "5"]
[White "SAROS"]
[Black "pang83"]
[WhiteElo "1262"]
[BlackElo "1200"]
[PlyCount "27"]
[Result "1-0"]

1.e4 g6 2.d4 d5 3.exd5 Qxd5 4.Nc3 Qe6+ 5.Be2 Bg7 
6.Nf3 b6 7.O-O c5 8.Nb5 Qd7 9.a4 Nc6 10.dxc5 bxc5 
11.Qxd7+ Bxd7 12.Nc7+ Kf8 13.Nxa8 Nb4 
14.c3 1-0

[Event "HCL-B092"]
[Site "www.playchess.de"]
[Date "2001.02.04"]
[Round "7"]
[White "Mathemagician"]
[Black "Szava"]
[WhiteElo "1431"]
[BlackElo "1200"]
[PlyCount "21"]
[Result "1-0"]

1.e4 c5 2.Nf3 Nc6 3.d4 e6 4.Bc4 cxd4 5.Nxd4 Bc5 
6.Nb3 Bb6 7.O-O Nf6 8.Nc3 a6 9.Bf4 Nxe4 10.Nxe4 d5 
11.Nd6+ 1-0

[Event "HCL-B092"]
[Site "www.playchess.de"]
[Date "2001.02.04"]
[Round "8"]
[White "pang83"]
[Black "Mathemagician"]
[WhiteElo "1200"]
[BlackElo "1431"]
[PlyCount "32"]
[Result "0-1"]

1.b3 e5 2.g3 d5 3.Bb2 Nc6 4.Bg2 Nf6 5.d4 e4 6.e3 
Bd6 7.Na3 Bg4 8.f3 exf3 9.Bxf3 Bxf3 10.Nxf3 Qe7 
11.Qd3 Bxa3 12.Bxa3 Qxa3 13.O-O O-O-O 14.Ne5 Rhe8 
15.Nxf7 Rd7 16.Ne5 Nxe5 0-1

[Event "HCL-B092"]
[Site "www.playchess.de"]
[Date "2001.02.04"]
[Round "10"]
[White "SAROS"]
[Black "Mathemagician"]
[WhiteElo "1262"]
[BlackElo "1431"]
[PlyCount "36"]
[Result "0-1"]

1.e4 c5 2.c3 d6 3.Bb5+ Bd7 4.Bxd7+ Qxd7 5.Nf3 Nf6 
6.d3 g6 7.O-O Bg7 8.Nbd2 O-O 9.Re1 Nc6 10.b3 d5 
11.exd5 Nxd5 12.Bb2 Nxc3 13.Qc2 Nb4 14.Qc1 Nxd3 
15.Qc2 Nxb2 16.Kh1 Nd3 17.Ref1 Nb5 18.Rad1 
Na3 0-1

[Event "HCL-B098"]
[Site "www.playchess.de"]
[Date "2001.02.04"]
[Round "1"]
[White "shepherd"]
[Black "Bauernopfer"]
[WhiteElo "1581"]
[BlackElo "1165"]
[PlyCount "39"]
[Result "1-0"]

1.e4 e5 2.Nf3 Nc6 3.Bb5 Nge7 4.Nc3 a6 5.Ba4 d6 
6.O-O Bd7 7.d3 Ng6 8.Ng5 h6 9.Nxf7 Kxf7 10.Qh5 Qh4 
11.Bb3+ Kf6 12.Nd5+ Kf7 13.Nxc7+ Kf6 14.Qxh4+ Nxh4 
15.Nxa8 Be7 16.Nb6 Be6 17.f4 Bxb3 18.axb3 Ng6 
19.Nd5+ Ke6 20.f5+ 1-0

[Event "HCL-B098"]
[Site "www.playchess.de"]
[Date "2001.02.04"]
[Round "3"]
[White "Bauernopfer"]
[Black "markjburden"]
[WhiteElo "1165"]
[BlackElo "1280"]
[PlyCount "50"]
[Result "1/2-1/2"]

1.e4 c5 2.Nf3 Nc6 3.Bb5 a6 4.Bxc6 dxc6 5.O-O g6 
6.d3 Bg7 7.Nc3 Nf6 8.Bg5 Bg4 9.h3 Be6 10.Qd2 h6 
11.Bh4 Qc8 12.Bxf6 exf6 13.b3 O-O 14.Na4 Qc7 
15.Nxc5 b6 16.Nxe6 fxe6 17.Nd4 Rae8 18.a4 c5 
19.Nf3 Red8 20.Nh4 Kh7 21.f4 f5 22.e5 Qe7 23.Nf3 
Qd7 24.g3 b5 25.axb5 axb5 1/2-1/2

[Event "HCL-B098"]
[Site "www.playchess.de"]
[Date "2001.02.04"]
[Round "5"]
[White "Slide"]
[Black "Bauernopfer"]
[WhiteElo "1533"]
[BlackElo "1165"]
[PlyCount "36"]
[Result "1/2-1/2"]

1.e4 c5 2.Bc4 e6 3.Nf3 d5 4.exd5 exd5 5.Bb5+ Bd7 
6.Bxd7+ Nxd7 7.d4 c4 8.O-O Ngf6 9.Bg5 h6 10.Re1+ 
Be7 11.Bf4 O-O 12.c3 Nh5 13.Bc7 Qxc7 14.Rxe7 Rae8 
15.Qe1 Rxe7 16.Qxe7 Qd8 17.Qxd8 Rxd8 18.Nbd2 
Re8 1/2-1/2

[Event "HCL-B098"]
[Site "www.playchess.de"]
[Date "2001.02.04"]
[Round "6"]
[White "markjburden"]
[Black "Slide"]
[WhiteElo "1280"]
[BlackElo "1533"]
[PlyCount "120"]
[Result "0-1"]

1.d4 d5 2.c4 c6 3.c5 b6 4.b4 Ba6 5.a4 Nf6 6.Nc3 
Bc4 7.g3 a5 8.bxa5 bxc5 9.dxc5 e5 10.Bg2 Qxa5 
11.Bd2 Qxc5 12.Nf3 d4 13.Na2 e4 14.Ng1 Nbd7 15.Rc1 
Rb8 16.Qc2 Bd5 17.Bf4 Qxc2 18.Rxc2 Rb1+ 19.Nc1 
Bb4+ 20.Kf1 d3 21.exd3 exd3 22.Bxd5 dxc2 23.Bxc6 
O-O 24.Nge2 Nc5 25.Kg2 Ne6 26.Be5 Ng4 27.Bc3 Bxc3 
28.Nxc3 Rc8 29.Nd5 Kf8 30.Bd7 Rd8 31.Bxe6 fxe6 
32.Nc3 Rd1 33.Rxd1 cxd1Q 34.Nxd1 Rxc1 35.Nb2 Rc2 
36.Nd1 Ra2 37.h3 Nf6 38.Nc3 Ra3 39.Ne2 Rxa4 40.Nf4 
Kf7 41.Nd3 Ra2 42.Nc5 Rc2 43.Nd3 g5 44.Ne5+ Ke7 
45.Kf3 Rc5 46.Nd3 Rf5+ 47.Kg2 h5 48.f4 gxf4 
49.Nxf4 e5 50.Ng6+ Kd6 51.Nh4 Rg5 52.Nf3 Rg8 
53.Kf2 e4 54.Nd2 Kc5 55.Nf1 Kd4 56.Ke2 Nd5 57.Kf2 
e3+ 58.Kf3 Rf8+ 59.Ke2 Rf2+ 60.Ke1 
Nc3 0-1

[Event "HCL-B098"]
[Site "www.playchess.de"]
[Date "2001.02.04"]
[Round "8"]
[White "Bauernopfer"]
[Black "Riza"]
[WhiteElo "1165"]
[BlackElo "1321"]
[PlyCount "47"]
[Result "1/2-1/2"]

1.e4 c6 2.Nc3 d5 3.exd5 cxd5 4.d4 Nf6 5.Nf3 g6 
6.Bf4 Nc6 7.Bb5 a6 8.Ba4 Bg7 9.O-O O-O 10.Ne2 Nh5 
11.Qd2 Nxf4 12.Nxf4 e5 13.dxe5 Nxe5 14.Nxe5 Bxe5 
15.c3 Qg5 16.g3 Bxf4 17.Qxf4 Qxf4 18.gxf4 b5 
19.Bb3 Bb7 20.Rad1 Rad8 21.Rfe1 Rd7 22.a4 Bc6 
23.axb5 axb5 24.Rd2 1/2-1/2

[Event "HCL-B098"]
[Site "www.playchess.de"]
[Date "2001.02.04"]
[Round "10"]
[White "Slide"]
[Black "Riza"]
[WhiteElo "1533"]
[BlackElo "1321"]
[PlyCount "23"]
[Result "1-0"]

1.e4 c6 2.d4 d5 3.e5 Bf5 4.Nc3 e6 5.Nf3 Nd7 6.Bd3 
Bg6 7.Bxg6 hxg6 8.Qd3 Qc7 9.a3 a6 10.Ng5 c5 
11.Nxe6 f6 12.Nxc7+ 1-0

[Event "HCL-B098"]
[Site "www.playchess.de"]
[Date "2001.02.04"]
[Round "12"]
[White "Gruhni"]
[Black "Bauernopfer"]
[WhiteElo "1410"]
[BlackElo "1165"]
[PlyCount "43"]
[Result "1-0"]

1.e4 e5 2.Bc4 Nc6 3.Nf3 Bc5 4.d3 d6 5.Ng5 Nh6 6.c3 
f6 7.Qh5+ g6 8.Qxh6 fxg5 9.Bxg5 Qd7 10.Bf6 Rf8 
11.Bg7 Bxf2+ 12.Kd2 Rf4 13.Qxh7 Qg4 14.Qg8+ Kd7 
15.Bf7 Be1+ 16.Kxe1 Rxe4+ 17.dxe4 Qxe4+ 18.Kd1 
Qg4+ 19.Kc1 Qg5+ 20.Nd2 Qe7 21.Bf8 Qg5 
22.Be6+ 1-0